| 000 | 00597nam a22002057a 4500 | ||
|---|---|---|---|
| 999 |
_c18192 _d18192 |
||
| 003 | AR-CdUCM | ||
| 008 | 190513b ||||| |||| 00| 0 spa d | ||
| 040 |
_aMUNICIPALIDAD PROVINCIAL DEL CUSCO _cBIBLIOTECA MUNICIPAL DEL CUSCO |
||
| 082 |
_a868.6 / _bM14 |
||
| 100 |
_aMadaraga, Salvador de _938645 |
||
| 245 | _aUna gota de tiempo / | ||
| 260 |
_aBuenos Aires : _bSudamericana, _c1960. |
||
| 300 |
_a368 paginas ; _c19 cm. |
||
| 500 | _aHistoria y novela | ||
| 650 |
_aHistoria _9136 |
||
| 650 |
_aNovela _95 |
||
| 650 |
_aLiteratura _983 |
||
| 942 |
_2ddc _cLIBROS |
||
| 945 |
_apjha _d2019-05-13 |
||